Statistics for Most Common English Words (251-500)

Click here to take the quiz!

General Stats

  • This quiz has been taken 1,233 times
    (969 since last reset)
  • The average score is 62 of 250

Answer Stats

Answer% Correct
Car
67%
Hear
56%
Star
56%
Ten
56%
Love
55%
Blue
54%
Red
54%
Five
53%
Walk
53%
Green
52%
Black
51%
Eat
51%
Ever
51%
Four
51%
Plan
51%
White
51%
Six
49%
Cold
48%
Dog
48%
Book
46%
Feel
45%
Road
45%
Second
45%
Talk
45%
Drive
44%
Hundred
44%
Foot
43%
Girl
43%
Sing
43%
Week
43%
List
42%
Rain
42%
War
42%
Money
41%
Yes
41%
Best
40%
Friend
40%
Better
39%
Body
39%
Door
39%
Family
39%
Hot
39%
Street
39%
Thousand
39%
Moon
38%
Fall
37%
Less
37%
Listen
37%
Room
37%
Short
37%
Teach
37%
Though
37%
Wind
37%
Fast
36%
Watch
36%
Open
35%
Plane
35%
Table
35%
Fly
34%
Paper
34%
Stop
34%
Bring
33%
Care
33%
Children
33%
Face
33%
Leave
33%
Music
33%
Song
33%
Always
32%
Fire
32%
Game
32%
Hour
32%
River
32%
Stay
32%
Town
32%
Warm
32%
Begin
31%
Fill
31%
Full
31%
Next
31%
Slow
31%
Young
31%
Common
30%
Cry
30%
Dark
30%
Feet
30%
Hold
30%
Minute
30%
Morning
30%
West
30%
East
29%
Free
29%
Letter
28%
Mind
28%
Nothing
28%
Pass
28%
Seem
28%
Snow
28%
South
28%
Wait
28%
Cut
27%
Front
27%
Mountain
27%
Person
27%
Rest
27%
Soon
27%
Bird
26%
Fish
26%
Pull
26%
Dry
25%
Lay
25%
Top
25%
Above
24%
Horse
24%
Mark
24%
Often
24%
Question
24%
Those
24%
True
24%
Got
23%
Heat
23%
Lead
23%
Ocean
23%
Step
23%
Test
23%
Together
23%
Whole
23%
Fine
22%
Gold
22%
Miss
22%
Once
22%
Rock
22%
Until
22%
Able
21%
Behind
21%
Carry
21%
Group
21%
King
21%
Laugh
21%
Main
21%
Note
21%
Quick
21%
Ready
21%
Remember
21%
Space
21%
Took
21%
Travel
21%
Wood
21%
Against
20%
Clear
20%
Done
20%
Gave
20%
Piece
20%
Reach
20%
Since
20%
Area
19%
Color
19%
Enough
19%
Strong
19%
Sure
19%
Told
19%
Wonder
19%
Both
18%
Class
18%
Fact
18%
Ground
18%
Half
18%
Order
18%
Plain
18%
Problem
18%
Simple
18%
Boat
17%
Field
17%
Knew
17%
Center
16%
Language
16%
Power
16%
Among
15%
Check
15%
Deep
15%
Early
15%
Paint
15%
Course
14%
Final
14%
Happen
14%
Ship
14%
Tire
14%
Toward
14%
Usual
14%
Ago
13%
Brought
13%
Heard
13%
Idea
13%
Map
13%
Rule
13%
Stood
13%
Base
12%
Box
12%
Certain
12%
During
12%
Force
12%
Mile
12%
Science
12%
Serve
12%
Unit
12%
Began
11%
Correct
11%
Decide
11%
Direct
11%
Interest
11%
Island
11%
Measure
11%
Notice
11%
Possible
11%
Shape
11%
Beauty
10%
Example
10%
Govern
10%
Special
10%
Voice
10%
Appear
9%
Complete
9%
Ease
9%
Figure
9%
Inch
9%
Oh
9%
Pound
9%
Produce
9%
Wheel
9%
Busy
8%
Contain
8%
Noun
8%
Product
8%
Record
8%
Several
8%
Object
7%
Pose
7%
Develop
6%
Machine
6%
Stead
6%
Tail
6%
Multiply
5%
Surface
5%
System
5%
Vowel
5%
Distant
4%
Verb
4%
Numeral
3%
Pattern
3%
Equate
2%

Score Distribution

Percentile by Number Answered

Percent of People with Each Score

Your Score History

You have not taken this quiz since the last reset